MYCOLOGIA (Record no. 59277)
[ view plain ]
| 000 -LEADER | |
|---|---|
| fixed length control field | 00316nam a22001457a 4500 |
| 008 - FIXED-LENGTH DATA ELEMENTS--GENERAL INFORMATION | |
| fixed length control field | 230125b ||||| |||| 00| 0 eng d |
| 020 ## - INTERNATIONAL STANDARD BOOK NUMBER | |
| International Standard Book Number | 30601706 |
| 041 ## - LANGUAGE CODE | |
| Language code of text/sound track or separate title | eng |
| 080 ## - UNIVERSAL DECIMAL CLASSIFICATION NUMBER | |
| Edition identifier | VOLUME XXXI |
| Universal Decimal Classification number | 615.83 |
| 082 ## - DEWEY DECIMAL CLASSIFICATION NUMBER | |
| Classification number | 615.83KAE |
| 100 ## - Rafti | |
| Rafti | 16.2 |
| 101 ## - Shkurtesa | |
| Shkurtesa | EGZF |
| 245 ## - TITLE STATEMENT | |
| Title | MYCOLOGIA |
| Statement of responsibility, etc | K.A.E.S |
| 942 ## - ADDED ENTRY ELEMENTS (KOHA) | |
| Source of classification or shelving scheme | |
| Item type | Books |
| Withdrawn status | Lost status | Source of classification or shelving scheme | Damaged status | Not for loan | Collection code | Permanent location | Current location | Date acquired | Total Checkouts | Full call number | Barcode | Date last seen | Price effective from | Koha item type |
|---|---|---|---|---|---|---|---|---|---|---|---|---|---|---|
| Koleksioni i përgjithshem | UBT - Lipjan | UBT - Lipjan | 01/25/2023 | 615.83KAE | 003-62 | 01/25/2023 | 01/25/2023 | Books | ||||||
| Koleksioni i përgjithshem | UBT - Lipjan | UBT - Lipjan | 01/25/2023 | 615.83KAE | 003-63 | 01/25/2023 | 01/25/2023 | Books | ||||||
| Koleksioni i përgjithshem | UBT - Lipjan | UBT - Lipjan | 01/25/2023 | 615.83KAE | 003-64 | 01/25/2023 | 01/25/2023 | Books | ||||||
| Koleksioni i përgjithshem | UBT - Lipjan | UBT - Lipjan | 01/25/2023 | 615.83KAE | 003-65 | 01/25/2023 | 01/25/2023 | Books | ||||||
| Koleksioni i përgjithshem | UBT - Lipjan | UBT - Lipjan | 01/25/2023 | 615.83KAE | 003-66 | 01/25/2023 | 01/25/2023 | Books | ||||||
| Koleksioni i përgjithshem | UBT - Lipjan | UBT - Lipjan | 01/25/2023 | 615.83KAE | 003-67 | 01/25/2023 | 01/25/2023 | Books | ||||||
| Koleksioni i përgjithshem | UBT - Lipjan | UBT - Lipjan | 01/25/2023 | 615.83KAE | 003-68 | 01/25/2023 | 01/25/2023 | Books |